Indovina il cantante - Italiani Anni 90 - Statistics

Statistiche generali
  • Questo quiz è stato fatto 619 volte
  • Il punteggio medio è 6 su 15
Statistiche sulle risposte
Canzone Cantante % Corretto
Come mai 883
88%
Uomini Soli Pooh
70%
Attenti al lupo Lucio Dalla
55%
Più bella cosa Eros ramazzotti
53%
Gli uomini non cambiano Mia Martini
48%
Balliamo sul Mondo Ligabue
45%
Mare Mare Luca Carboni
43%
Giudizi universali Samuele Bersani
35%
Cinque giorni Michele Zarrillo
32%
E poi Giorgia
28%
Supercafone Piotta
26%
Mi Piaci Alex Britti
23%
Sotto questo sole Francesco Baccini
19%
Le ragazze Neri per caso
16%
Gente come noi Ivana Spagna
14%
Nessun quiz corrispondente trovato
Distribuzione punteggi
Percentuale di utenti per punteggio
Percentile per numero di risposta
I tuoi punteggi nel tempo
Non hai fatto questo quiz